000 00563cam a22002053a 4500
001 35192
003 PGUSA
005 20140828083746.0
008 110206s2011||||xxu|||||s|||||000 | eng d
040 _aPGUSA
_beng
042 _adc
100 1 _aSimmel, Georg,
_d1858-1918
245 1 0 _aKant und Goethe
_h[electronic resource] /
_cGeorg Simmel
260 _bProject Gutenberg,
_c2011
506 _aPublic domain in the USA.
516 _aElectronic text
830 0 _aProject Gutenberg
_v35192
856 4 0 _uhttp://www.gutenberg.org/ebooks/35192
942 _cEB
999 _c264447
_d264447